|
|
|
|
| LEADER |
00000nnm a2200000 i 4500 |
| 001 |
dolg17357 |
| 005 |
20180925151628.0 |
| 008 |
180517suuuu hu o 000 hun d |
| 040 |
|
|
|a BGE Dolgozattár Repozitórium
|b hun
|
| 041 |
|
|
|a hu
|
| 100 |
1 |
|
|a Czinkos Réka
|
| 245 |
1 |
0 |
|a Cegléd, Dél-Pest megye kiemelkedő turisztikai desztinációja
|c Czinkos Réka
|h [elektronikus dokumentum]
|
| 246 |
1 |
1 |
|a Cegléd, Dél-Pest megye kiemelkedő turisztikai desztinációja
|
| 516 |
|
|
|a Project_work
|
| 695 |
|
|
|a Cegléd
|
| 695 |
|
|
|a Dél-Pest megye
|
| 700 |
1 |
|
|a Schablik dr Vilmos
|e ths
|
| 856 |
4 |
0 |
|u http://dolgozattar.uni-bge.hu/17357/1/CzinkosR%C3%A9ka-Projektmunka.pdf
|z Dokumentum-elérés
|